| 000 | 00659nam a22002417a 4500 | ||
|---|---|---|---|
| 005 | 20170124105935.0 | ||
| 010 | _a673156 | ||
| 020 | _c00.00 | ||
| 035 | _a673156 | ||
| 037 | _bCen Lib/Ret | ||
| 040 |
_aDPL _bEN |
||
| 082 |
_a301.44 _bMUR |
||
| 100 |
_aMurthy, B. S. _99559 |
||
| 245 |
_aDepressed and oppressed : _cby B. S. Murthy _bforever in agony / |
||
| 246 | _b | ||
| 260 |
_bS. Chand _aNew Delhi |
||
| 270 |
_bNew Delhi _aRam Nagar _e110055 |
||
| 300 |
_axiv,222. _c21cm(Hb) |
||
| 500 | _aIncludes index | ||
| 650 |
_aDalits -- India _94080 |
||
| 650 |
_aIndia -- Social conditions _99560 |
||
| 942 |
_2ddc _cEN _h301.44 _mMUR |
||
| 999 |
_c124151 _d124151 |
||